• 首页
  • 本馆介绍
  • 公告通知
  • 最新文献
  • 馆藏检索
  • 电子资源
  • 读者导购
  • 参考咨询
  • 我的图书馆
  • 登录
  • 详细信息显示
  • 放入我的书架
  • 预约/预借图书
  • 作者相关作品
  • 分类相关作品
  • 丛书相关作品
  • 出版社相关作品

书目信息

  • 表格格式
  • 工作单格式
  • 卡片格式
题名:
钢铁制品表面着色技术
    
 
作者: 杜安 , 曹晓明 , 马瑞娜 编著
分册:  
出版信息: 北京   化学出版社  2007
页数: 310页
开本: 20cm
丛书名:
单 册:
中图分类: TF4
科图分类:
主题词: 钢铁工业--工业产品--金属表面处理
电子资源:
ISBN: 978-7-5025-9746-7
000 00880nam0 2200265 450
000 00887nam0 2200265 450
000 00821nam0 2200241 450
000 00785nam0 2200229 45
005 20070515142835.10
010    @a978-7-5025-9746-7@dCNY28.00
100    @a20070322d2007 em y0chiy0120 ea
101 0  @achi
102    @aCN@b110000
105    @aa z 000yy
200 1  @a钢铁制品表面着色技术@AGang Tie Zhi Pin Biao Mian Zhuo Se Ji Shu@f马瑞娜,杜安,曹晓明编著@FMa Rui Na, Du An, Cao Xiao Ming Bian Zhu
210    @a北京@c化学出版社@d2007
215    @a310页@c图@d20cm
330    @a本书主要介绍不锈钢和镀锌层表面着色工艺等内容。
606 0  @a钢铁工业@x工业产品@x金属表面处理
690    @aTF4@v4
701  0 @a杜安@ADu An@4编著
701  0 @a曹晓明@ACao Xiao Ming@4编著
701  0 @a马瑞娜@AMa Rui Na@4编著
801  0 @aCN@bTAOJIN@c20070515
905    @a10447@dTF4@e24
    
    钢铁制品表面着色技术/马瑞娜,杜安,曹晓明编著.-北京:化学出版社,2007
    310页:图;20cm
    
    
    ISBN 978-7-5025-9746-7:CNY28.00
    本书主要介绍不锈钢和镀锌层表面着色工艺等内容。
●
相关链接 在E读中查询图书 在五车中查询图书 在当当中查询图书 在豆瓣中查询图书


正题名:钢铁制品表面着色技术     索取号:TF4/24         预约/预借

序号 登录号 条形码 馆藏地/架位号 状态 备注
1 0520317   205203171   第二样本阅览室/ [索取号:TF4/24] 在馆    
2 0520318   205203180   密集书库/ [索取号:TF4/24] 在馆    
3 0520319   205203199   密集书库/ [索取号:TF4/24] 在馆    
4 0520320   205203206   密集书库/ [索取号:TF4/24] 在馆    
5 0520321   205203215   密集书库/ [索取号:TF4/24] 在馆    
6 0520322   205203224   第三借阅区/ [索取号:TF4/24] 在馆    
7 0520323   205203233   密集书库/ [索取号:TF4/24] 在馆    
8 0520324   205203242   第三借阅区/ [索取号:TF4/24] 在馆    
唐山师范学院图书馆 欢迎您!
大连网信软件有限公司© 版权所有